LEADER 03241nam 2200601 450 001 9910464469203321 005 20200520144314.0 010 $a0-567-25237-X 035 $a(CKB)3710000000113052 035 $a(EBL)1644277 035 $a(SSID)ssj0001305259 035 $a(PQKBManifestationID)11743040 035 $a(PQKBTitleCode)TC0001305259 035 $a(PQKBWorkID)11249674 035 $a(PQKB)10441521 035 $a(MiAaPQ)EBC1644277 035 $a(Au-PeEL)EBL1644277 035 $a(CaPaEBR)ebr10869603 035 $a(CaONFJC)MIL615942 035 $a(OCoLC)893735621 035 $a(EXLCZ)993710000000113052 100 $a20140522d1999 uy| 0 101 0 $aeng 135 $aur|n|---||||| 181 $ctxt 182 $cc 183 $acr 200 10$aAscension and ecclesia $eon the significance of the doctrine of the Ascension for ecclesiology and Christian cosmology /$fDouglas Farrow 210 1$aEdinburgh :$cT&T Clark,$d1999. 215 $a1 online resource (353 p.) 300 $aDescription based upon print version of record. 311 $a0-567-08325-X 320 $aIncludes bibliographical references and indexes. 327 $aCover; Contents; Preface; 1. Thinking about the Church; Eucharist and Ambiguity; Two Histories; 2. The Ascension as Story and Metaphor; A Lukan Artifice?; The Larger Story; Breaking Boundaries; The Master's Metaphor; 3. Cosmologies and Ecclesiologies, I; A Precarious Position; Preserving the Tension; Eucharistic Ecclesiology; One Step Forward; 4. Cosmologies and Ecclesiologies, II; Two Steps Back; Origen; Augustine; Dualist Ecclesiology; East; West; 5. Where is Jesus ?; The Copernican Factor; An Unresolved Question; Discourse on the Dead Christ; Return of the Cosmic Christ; This Same Jesus 327 $a6. Church at the CrossroadsIn the Shadow of Sinai; Ecce Homo!; Appendices; A: Biblical Resources; B: Exaltation and Pre-existence; Bibliography; Index; Index of Names; A; B; C; D; E; F; G; H; I; J; K; L; M; N; O; P; Q; R; S; T; U; V; W; Y; Z; Index of Subjects; A; B; C; D; E; F; G; H; I; J; K; L; M; N; O; P; R; S; T; U; V; W; Index of Biblical References 330 $aRecent theology offers few attempts to come to grips with the meaning and implications of the ascension of Jesus. Professor Farrow begins with a discussion of the biblical treatment of the ascension and Eucharistic celebration, from which emerges the unique ecclesial worldview. There are chapters on the treatment of these ideas by Irenaeus, Origen and Augustine, and on developments up to the Reformation. He explores the link between ideas of the ascension, cosmology and ecclesiology. Farrow goes on to examine the difficulties faced by the doctrine of ascension in the modern scientific worl 606 $aChurch 606 $aLord's Supper 606 $aCosmology 608 $aElectronic books. 615 0$aChurch. 615 0$aLord's Supper. 615 0$aCosmology. 676 $a232.9/7 676 $a232.97 700 $aFarrow$b Douglas$f1953-$0894676 801 0$bMiAaPQ 801 1$bMiAaPQ 801 2$bMiAaPQ 906 $aBOOK 912 $a9910464469203321 996 $aAscension and ecclesia$91998623 997 $aUNINA LEADER 01111nam0 22002651i 450 001 UON00428854 005 20231205104858.646 100 $a20130710d1925 |0itac50 ba 101 $aeng 102 $aGB 105 $a|||| 1|||| 200 1 $aˆA ‰Bibliography of the writings in prose and verse of Algernon Charles Swinburne$fThomas James Wise 210 $aNew York$cRussell & Russell$d1925 215 $axii, 575 p.$d23 cm. 606 $aSWINBURNE, A.C.$3UONC083573$2FI 620 $aUS$dNew York$3UONL000050 676 $a809.9352$cBiografia e autobiografia come letteratura.$v21 700 1$aWISE$bThomas James$3UONV172453$0394661 712 $aRussell & Russell$3UONV276742$4650 801 $aIT$bSOL$c20240220$gRICA 899 $aSIBA - SISTEMA BIBLIOTECARIO DI ATENEO$2UONSI 912 $aUON00428854 950 $aSIBA - SISTEMA BIBLIOTECARIO DI ATENEO$dSI Angl V A SWI 021 $eSI SI 3300/18 5 021 $sBuono 996 $aBibliography of the writings in prose and verse of Algernon Charles Swinburne$91335340 997 $aUNIOR